| 000 | 00814 a2200205 4500 | ||
|---|---|---|---|
| 005 | 20080905114952.0 | ||
| 008 | 080905t xxu||||| |||| 00| 0 eng d | ||
| 010 | _aENG-87568 | ||
| 020 |
_a818157284X _c350.00 |
||
| 035 | _aEN-71101 | ||
| 037 | _bDBAD / PUB | ||
| 082 | _a888 | ||
| 245 |
_aBritish ghosts & occult India _cedited by K.R.N. Swamy and Meera Ravi _b39 true stories of British ghosts & British occult experiences in India |
||
| 260 |
_aCalcutta _bWriters Workshop _c2004 |
||
| 270 |
_a162/92, Lake Gardens, _bCalcutta _e700 045 |
||
| 300 |
_a208p. _c22 cm (Hb) |
||
| 490 | _aWriters workshop greybird book | ||
| 942 |
_adpl _cEN _k888 / BRI _2ddc _h888 _mBRI |
||
| 999 |
_c6662 _d6662 |
||